Những điều cần biết về luật tố tụng dân sự

Tallennettuna:
Bibliografiset tiedot
Päätekijä: NGUYỄN NGỌC ĐIỆP
Aineistotyyppi: Kirja
Kieli:Undetermined
Julkaistu: CAND
Tagit: Lisää tagi
Ei tageja, Lisää ensimmäinen tagi!
Thư viện lưu trữ: Trung tâm Học liệu Trường Đại học Cần Thơ
LEADER 00462nam a2200133Ia 4500
001 CTU_45338
008 210402s9999 xx 000 0 und d
082 |a 347.597 
082 |b Đ307n/2001 
100 |a NGUYỄN NGỌC ĐIỆP 
245 0 |a Những điều cần biết về luật tố tụng dân sự 
245 0 |c NGUYỄN NGỌC ĐIỆP, Hồ Thị Nệ 
260 |b CAND 
980 |a Trung tâm Học liệu Trường Đại học Cần Thơ